[Event "Nuremberg-ch op 02nd"]
[Site "Nuremberg"]
[Date "2002.06.23"]
[Round "5"]
[White "Adam, Soeren"]
[Black "Schmalix, Walter"]
[Result "1-0"]
[WhiteElo "1220"]
[BlackElo "1400"]
[PlyCount "101"]
[EventDate "2002.06.21"]
[EventType "swiss"]
[EventRounds "5"]
[EventCountry "GER"]
[SourceTitle "EXT 2006"]
[Source "ChessBase"]
[SourceDate "2005.11.24"]
[SourceVersion "1"]
[SourceVersionDate "2005.11.24"]
[SourceQuality "1"]

1. e4 Nc6 2. Nf3 d6 3. Nc3 Bg4 4. Be2 g6 5. d3 Bg7 6. Bd2 e6 7. h3 Bxf3 8. Bxf3 Nge7 9. 0-0 0-0 10. Rb1 Ne5 11. Re1 Nxf3+ 12. Qxf3 c6 13. Bf4 e5 14. Bg5 f6 15. Bd2 f5 16. Qe2 f4 17. Qg4 Rf7 18. Ne2 Kh8 19. d4 Ng8 20. Bc3 Qe7 21. dxe5 dxe5 22. Rbd1 Nh6 23. Qf3 Bf6 24. Rd2 Rd8 25. Red1 Rxd2 26. Rxd2 g5 27. a3 Qe6 28. Bb4 Qa2 29. Nc3 Qxb2 30. Nd1 Qa2 31. Qd3 Qe6 32. Qd6 Qc8 33. Bc3 Qe8 34. Nb2 g4 35. h4 Ng8 36. Nc4 Re7 37. a4 Re6 38. Qd7 g3 39. Qxe8 gxf2+ 40. Kxf2 Bxh4+ 41. Kf3 Rxe8 42. Bxe5+ Nf6 43. Rd6 Rf8 44. Re6 Kg8 45. Nd6 Nd7 46. Bc3 Nc5 47. Rh6 Be7 48. Nf5 Rf7 49. Bd4 a6 50. a5 Nd7 51. Re6 1-0

[Event "Nuremberg-ch op 02nd"]
[Site "Nuremberg"]
[Date "2002.06.22"]
[Round "3"]
[White "Bangert, Ruediger"]
[Black "Adam, Soeren"]
[Result "1-0"]
[WhiteElo "1400"]
[BlackElo "1220"]
[PlyCount "109"]
[EventDate "2002.06.21"]
[EventType "swiss"]
[EventRounds "5"]
[EventCountry "GER"]
[SourceTitle "EXT 2006"]
[Source "ChessBase"]
[SourceDate "2005.11.24"]
[SourceVersion "1"]
[SourceVersionDate "2005.11.24"]
[SourceQuality "1"]

1. e4 c5 2. Nc3 Nc6 3. Nf3 e5 4. Bc4 Be7 5. d3 d6 6. Nd5 Be6 7. Nxe7 Qxe7 8. b3 h6 9. a4 Nf6 10. a5 a6 11. h3 0-0 12. Bd2 Rfb8 13. g4 Nh7 14. g5 hxg5 15. Bxe6 Qxe6 16. Bxg5 Ne7 17. Rg1 Ng6 18. h4 b6 19. h5 Ngf8 20. h6 g6 21. Bd2 Nd7 22. Rg3 Ndf6 23. Nh4 Kf8 24. Nf3 b5 25. Ng5 Qd7 26. Nxh7+ Nxh7 27. Qf3 Ke8 28. Qg2 Qe6 29. Rb1 Rc8 30. f4 exf4 31. Bxf4 Ra7 32. Re3 Rd7 33. c4 b4 34. Rd1 Qf6 35. Qh2 Qc3+ 36. Rd2 Rc6 37. d4 Qa1+ 38. Rd1 Qxa5 39. d5 Rc8 40. Bxd6 Qd8 41. Qe5+ Re7 42. Bxe7 Qxe7 43. Qxe7+ Kxe7 44. Ra1 Ra8 45. Ra5 Kf6 46. d6 Ke5 47. d7 Kd4 48. Re2 Rd8 49. Rxa6 Nf8 50. Rd6+ Ke5 51. Rd5+ Ke6 52. Rxc5 Nxd7 53. Rc6+ Ke5 54. Rd2 Kxe4 55. h7 1-0

[Event "Nuremberg-ch op 02nd"]
[Site "Nuremberg"]
[Date "2002.06.21"]
[Round "1"]
[White "Wagenfeld, Wladymyr"]
[Black "Adam, Soeren"]
[Result "1-0"]
[WhiteElo "1670"]
[BlackElo "1100"]
[PlyCount "131"]
[EventDate "2002.06.21"]
[EventType "swiss"]
[EventRounds "5"]
[EventCountry "GER"]
[SourceTitle "EXT 2006"]
[Source "ChessBase"]
[SourceDate "2005.11.24"]
[SourceVersion "1"]
[SourceVersionDate "2005.11.24"]
[SourceQuality "1"]

1. d4 d5 2. c4 e6 3. e3 Nf6 4. Nc3 Nc6 5. f4 g6 6. Nf3 Bg7 7. Bd2 0-0 8. Rc1 Bd7 9. Be2 Rc8 10. 0-0 Ne7 11. c5 Nf5 12. Ne5 Ne4 13. Nxe4 Bxe5 14. g4 Ne7 15. Ng3 Bg7 16. Bd3 f5 17. g5 b6 18. b4 b5 19. h4 a6 20. h5 Be8 21. hxg6 Bxg6 22. Kg2 Nc6 23. a4 Na7 24. Ra1 Ra8 25. axb5 Nxb5 26. Ra5 c6 27. Qb3 Rf7 28. Rfa1 Rfa7 29. Bxb5 cxb5 30. Ne2 Qc7 31. R1a3 Be8 32. Qa2 Qb7 33. Nc3 Bc6 34. Be1 Bf8 35. Bh4 Be7 36. Nd1 Bd8 37. Nf2 Bxa5 38. Rxa5 Qf7 39. Nd3 Qh5 40. Bg3 Be8 41. Ne5 Kg7 42. Nf3 Qg4 43. Qd2 Rc7 44. Ne5 Qh5 45. Qa2 Rca7 46. Qd2 Bd7 47. Qa2 Qe8 48. Qd2 Qc8 49. Ra1 Bc6 50. Ra5 Rc7 51. Qa2 Bb7 52. Qe2 Qe8 53. Bf2 Kh8 54. Ra1 Rg7 55. Rh1 Kg8 56. Be1 Kf8 57. Rh6 Qe7 58. Qh5 Qc7 59. Rxe6 Rd8 60. Rf6+ Ke7 61. Qh6 Rdg8 62. Rd6 Ke8 63. Qf6 Qe7 64. Re6 Rf8 65. Rxe7+ Rxe7 66. Qd6 1-0